000 00370nam a2200157Ia 4500
003 Ost
005 20260225132544.0
008 260225s9999||||xx |||||||||||||| ||und||
040 _cfsic
041 _afre
082 _a440
100 _ajack goody
_eAuteur
245 0 _aL'évolution de la famille et du mariage en Europe /
245 0 _cjack goody
942 _cكتاب
999 _c33700
_d33700